| 000 | 01117nam0a22002531 4500 | ||
|---|---|---|---|
| 001 | v19\rc\1996185 | ||
| 005 | 20260406004122.0 | ||
| 035 | _a(NLR Aleph) 005270368 | ||
| 090 |
_a5993035 _c5993035 |
||
| 100 | _a20080811d1915 |||y0rusy50 ca | ||
| 101 | 0 | _arus | |
| 102 | _aRU | ||
| 105 | _ay z ||||| | ||
| 200 | 1 |
_aАнатомия, физиология и гигиена человека _eКрат. руководство для сестер милосердия [по прогр. Мариин. общины Крас. креста] _eС 52 рис. в тексте _fД-р С. Абрамов |
|
| 210 |
_aПетроград _aКиев _cСотрудник _d1915 _gтип. П.И. Бонадурер [в Киеве] |
||
| 215 |
_a[2], 113 с. _d23 |
||
| 700 | 1 |
_8rus _7ca _aАбрамов _bС. С. _cд-р медицины _f1876-1951 _gСергей Семенович _3RU\NLR\AUTH\77113641 _996566 |
|
| 801 | 0 |
_aRU _bNLR _c20080811 _gpsbo |
|
| 801 | 0 |
_aRU _bRuMoRGB _c20080811 _2psbo |
|
| 801 | 1 |
_aRU _bProSoft-M _c20080811 _2rusmarc |
|
| 801 | 2 |
_aRU _bNLR _c20120802 _2rusmarc |
|
| 852 |
_aNLR _j37.71.5.8 |
||
| 942 | _cBOOK | ||
| 980 | _aNB | ||